000 00337nam a2200133 i 4500
001 bg
100 1 _aKOWALCZYK, Józef
245 0 _aZa kulisami wydarzeń politycznych z lat 1936-1938 /
_cJózef Kowalczyk.
260 _aWarszawa,
_c1976.
040 _cBPK
041 _apol
942 _cKS
008 s pl f |000 0 pol
999 _c26900
_d26900
856 _uhttp://koha.tu.koszalin.pl/cgi-bin/koha/opac-detail.pl?biblionumber=26900
_yKatalog online BPK